| 000 | 00831nam a2200229 a 4500 | ||
|---|---|---|---|
| 001 | 000021762 | ||
| 005 | 20200930011435.0 | ||
| 008 | 100911s1969 sp ah r 000 m spa d | ||
| 040 |
_aDO-SdBNP _bspa _cBNPHU |
||
| 082 |
_a869.2 _bV715ó |
||
| 100 | 1 |
_aVillamediana, Juan de Tassis y Peralta, Conde de, _d1582-1622 _945220 |
|
| 245 | 1 | 0 |
_aObras / _cVillamediana ; edición, introducción y notas de Juan Manuel Rozas. |
| 260 |
_aMadrid : _bCastalia, _c1969. |
||
| 300 |
_a399 p. : _bil., fascs. ; _c18 cm. |
||
| 490 | 1 |
_aClásicos castalia _v8 |
|
| 504 | _aIncluye referencias bibliográficas y notas al pie de las páginas. | ||
| 650 | 4 |
_aPoesía portuguesa _915081 |
|
| 650 | 4 |
_aLiteratura portuguesa _ySIGLO XVI _945221 |
|
| 700 | 1 |
_aRozas, Juan Manuel, _eed. _945222 |
|
| 830 | 0 |
_aClásicos castalia ; _v8 _923367 |
|
| 049 | _aBNGR | ||
| 999 |
_c21261 _d21261 |
||